| 000 | 01761nam a2200373 a 4500 | ||
|---|---|---|---|
| 001 | ebr5005126 | ||
| 003 | CaPaEBR | ||
| 006 | m u | ||
| 007 | cr cn||||||||| | ||
| 008 | 990115s1999 ctu sb 001 0 eng | ||
| 010 | _z 99017841 | ||
| 020 | _z0313307490 (alk. paper) | ||
| 040 |
_aCaPaEBR _cCaPaEBR |
||
| 035 | _a(OCoLC)50681053 | ||
| 050 | 1 | 4 |
_aD16.2 _b.C79 1999eb |
| 082 | 0 | 4 |
_a907.1/273 _221 |
| 100 | 1 | _aCraver, Kathleen W. | |
| 245 | 1 | 0 |
_aUsing Internet primary sources to teach critical thinking skills in history _h[electronic resource] / _cKathleen W. Craver. |
| 260 |
_aWestport, Conn. : _bGreenwood Press, _c1999. |
||
| 300 | _axx, 257 p. | ||
| 490 | 1 |
_aGreenwood professional guides in school librarianship, _x1074-150X |
|
| 504 | _aIncludes bibliographical references (p. [239]-245) and index. | ||
| 533 |
_aElectronic reproduction. _bPalo Alto, Calif. : _cebrary, _d2013. _nAvailable via World Wide Web. _nAccess may be limited to ebrary affiliated libraries. |
||
| 650 | 0 |
_aHistory _xStudy and teaching (Secondary) _zUnited States. |
|
| 650 | 0 |
_aCritical thinking _xStudy and teaching (Secondary) _zUnited States. |
|
| 650 | 0 |
_aElectronic information resource literacy _xStudy and teaching (Secondary) _zUnited States. |
|
| 650 | 0 |
_aHistory _vSources _xStudy and teaching (Secondary) _zUnited States. |
|
| 650 | 0 |
_aHigh school libraries _xActivity programs _zUnited States. |
|
| 650 | 0 |
_aJunior high school libraries _xActivity programs _zUnited States. |
|
| 655 | 7 |
_aElectronic books. _2local |
|
| 710 | 2 | _aebrary, Inc. | |
| 830 | 0 | _aGreenwood professional guides in school librarianship. | |
| 856 | 4 | 0 |
_uhttp://site.ebrary.com/lib/rucke/Doc?id=5005126 _zAn electronic book accessible through the World Wide Web; click to view |
| 999 |
_c1552 _d1552 |
||